Statistiques concernant Culture Générale - Série 52

Cliquez ici pour prendre le quiz!

Statistiques générales

  • Ce quiz a été pris 547 fois
  • Le résultat moyen est 3 sur 10

Statistiques - réponses

QuestionRéponse% Correct
Quelle est la femelle du sanglier ?Laie
90%
Quelle est la femelle du lièvre ?Hase
72%
Qu'est-ce qu'un soliflore (récipient) ?Vase
55%
A la fin du 16ème siècle, qui appelait-on "croquant"?Paysan
31%
Etable à porcs, composée d'une partie abritée par un toit et d'une petite courSoue
22%
Qu'est-ce qu'un eustache ?Couteau
16%
Qu'est-ce qu'un émerillon (oiseau) ?Rapace
14%
Armature métallique servant à coiffer et à maintenir le bouchon des bouteilles de champagne, de mousseux, de vin pétillantMuselet
13%
Qu'est-ce qu'une femme "tribade" ?Lesbienne
10%
Cavalier armé d’une lance dans les armées germaniques (similaire au lancier français).Uhlan
7%

Distribution des résultats

Percentile par nombre de réponses

% des personnes avec chaque résultat

Votre développement - résultats

Vous n’avez pas pris ce quiz